000 00759cam a2200277 4500
001 11752
003 BD-RjUL
005 20211208235157.0
008 140127s1972 nyu 000 0 eng d
035 _a(BD-RjUL)
040 _aDLC
_cDLC
_dDLC
_d(BD-RjUL)
_beng
041 _aeng
082 0 0 _a301.243
_bSAM
100 1 _aSalk, Jonas,
_d1914-1995.
_936383
245 1 0 _aMan unfolding /
_c[by] Jonas Salk.
250 _a[1st ed.]
260 _aNew York :
_bHarper & Row ,
_c1972
300 _axix, 118 p. ;
_c22 cm.
350 _a$6.95
490 0 _aWorld perspectives, v. 46
650 0 _aBiology
_xSocial aspects.
_936384
650 0 _aHuman biology
_xSocial aspects.
_936385
942 _2ddc
_cBK
999 _c11752
_d11752